Literary analysis of the film' The Da Vinci Code" of Bachelor of Arts and Bachelor of Secondary Education English Major students of University of Rizal System Tanay / (Record no. 73265)
[ view plain ]
| 000 -LEADER | |
|---|---|
| fixed length control field | 01660nam a22002897i 4500 |
| 050 14 - LIBRARY OF CONGRESS CALL NUMBER | |
| Classification number | PN 1995.4 |
| Item number | C16099 2018 |
| 003 - CONTROL NUMBER IDENTIFIER | |
| control field | URS |
| 005 - DATE AND TIME OF LATEST TRANSACTION | |
| control field | 20240412231317.0 |
| 008 - FIXED-LENGTH DATA ELEMENTS--GENERAL INFORMATION | |
| fixed length control field | 180321b xxu||||| |||| 00| 0 eng d |
| 100 1# - MAIN ENTRY--PERSONAL NAME | |
| Personal name | Candelario, Rosalyn P, |
| Relator term | author |
| 260 #1 - PUBLICATION, DISTRIBUTION, ETC. | |
| Date of publication, distribution, etc. | 2018. |
| 245 10 - TITLE STATEMENT | |
| Title | Literary analysis of the film' The Da Vinci Code" of Bachelor of Arts and Bachelor of Secondary Education English Major students of University of Rizal System Tanay / |
| Statement of responsibility, etc. | Rosalyn P. Candelario, Micah M. Dalma, Raycie B. Tuscano. |
| 300 ## - PHYSICAL DESCRIPTION | |
| Extent | xvi, 88 leaves ; |
| Other physical details | illustrations (some colour) : |
| Dimensions | 28 cm |
| 336 ## - CONTENT TYPE | |
| Source | rdacontent |
| Content type term | text |
| 337 ## - MEDIA TYPE | |
| Source | rdamedia |
| Media type term | unmediated |
| 338 ## - CARRIER TYPE | |
| Source | rdacarrier |
| Carrier type term | volume |
| 502 ## - DISSERTATION NOTE | |
| Dissertation note | Thesis |
| Degree type | A.B. English |
| Name of granting institution | University of Rizal System |
| Year degree granted | 2018 |
| 504 ## - BIBLIOGRAPHY, ETC. NOTE | |
| Bibliography, etc. note | Includes bibliographical references. |
| 520 ## - SUMMARY, ETC. | |
| Summary, etc. | The study was limited only on the Literary Analysis of the Film "The Da Vinci Code of Bachelor of Arts and Bachelor of Secondary Education English Majors of University of Rizal System Tanay, School Year 2017-2018. The 101 respondents were comprised of 40 AB and 61 BSE students. They were described in terms of age, sex, course, year level and religion. The findings revealed that majority of the respondents belongs to 19 years old, females, third year level, BSE students and Roman Catholic. |
| 630 00 - SUBJECT ADDED ENTRY--UNIFORM TITLE | |
| 9 (RLIN) | 688 |
| Uniform title | Da Vinci code (Motion picture) |
| 650 #0 - SUBJECT ADDED ENTRY--TOPICAL TERM | |
| Topical term or geographic name entry element | Film criticism |
| 700 1# - ADDED ENTRY--PERSONAL NAME | |
| Personal name | Dalma, Micah M. |
| Relator term | author |
| 700 1# - ADDED ENTRY--PERSONAL NAME | |
| Personal name | Tuscano, Raycie B. |
| Relator term | author |
| 700 1# - ADDED ENTRY--PERSONAL NAME | |
| Personal name | Marquez, Ma. Heidee P. |
| Relator term | degree supervisor |
| 856 ## - ELECTRONIC LOCATION AND ACCESS | |
| Materials specified | Online Request for Student Unpublished Works |
| Uniform Resource Identifier | <a href="https://forms.gle/7LqvGGkaDrUQqz429">https://forms.gle/7LqvGGkaDrUQqz429</a> |
| 942 ## - ADDED ENTRY ELEMENTS (KOHA) | |
| Source of classification or shelving scheme | Library of Congress Classification |
| Koha item type | Theses and dissertations |
No items available.